Bangabandhu and Bangladesh: (Record no. 31989)
[ view plain ]
| 000 -LEADER | |
|---|---|
| fixed length control field | 00962nam a22001937a 4500 |
| 003 - CONTROL NUMBER IDENTIFIER | |
| control field | BDDh-ASL |
| 005 - DATE AND TIME OF LATEST TRANSACTION | |
| control field | 20231015031334.0 |
| 008 - FIXED-LENGTH DATA ELEMENTS--GENERAL INFORMATION | |
| fixed length control field | 210131s2021 bg ||||| |||| 00| 0 eng d |
| 040 ## - CATALOGING SOURCE | |
| Original cataloging agency | BDDh-ASL |
| Transcribing agency | BDDh-ASL |
| 082 ## - DEWEY DECIMAL CLASSIFICATION NUMBER | |
| Classification number | 923.5492 |
| Item number | BAN |
| 245 1# - TITLE STATEMENT | |
| Title | Bangabandhu and Bangladesh: |
| Remainder of title | An Epic of a Nation's Emergence and Emancipation / |
| Statement of responsibility, etc. | Bari, Md. Emdad Ul and others (ed.). |
| 260 ## - PUBLICATION, DISTRIBUTION, ETC. | |
| Place of publication, distribution, etc. | Dhaka: |
| Name of publisher, distributor, etc. | Pathak shamabesh, |
| Date of publication, distribution, etc. | 2021. |
| 300 ## - PHYSICAL DESCRIPTION | |
| Extent | 363 p. : |
| Dimensions | 24 cm. |
| 504 ## - BIBLIOGRAPHY, ETC. NOTE | |
| Bibliography, etc. note | Include Index |
| 600 10 - SUBJECT ADDED ENTRY--PERSONAL NAME | |
| Personal name | Rahman, Sheikh Mujibur ( শেখ মুজিবুর রহমান) |
| Titles and other words associated with a name | Bangabandhu (বঙ্গবন্ধু) |
| Dates associated with a name | 1920-1975 (১৯২০-১৯৭৫) |
| 9 (RLIN) | 3054 |
| 650 #0 - SUBJECT ADDED ENTRY--TOPICAL TERM | |
| Topical term or geographic name entry element | বঙ্গবন্ধু (Bangabandhu) শেখ মুজিবুর রহমান (Sheikh Mujibur Rahman) |
| General subdivision | মুক্তিযুদ্ধ (Muktijuddha) Liberation War |
| Geographic subdivision | বাংলাদেশ (Bangladesh) |
| 9 (RLIN) | 4442 |
| 700 1# - ADDED ENTRY--PERSONAL NAME | |
| Personal name | Bari, Md. Emadad Ul |
| 9 (RLIN) | 8036 |
| 942 ## - ADDED ENTRY ELEMENTS (KOHA) | |
| Source of classification or shelving scheme | Dewey Decimal Classification |
| Koha item type | Books |
| Withdrawn status | Lost status | Source of classification or shelving scheme | Damaged status | Not for loan | Collection code | Home library | Current library | Shelving location | Date acquired | Source of acquisition | Total Checkouts | Full call number | Barcode | Date last seen | Copy number | Price effective from | Koha item type | Public note |
|---|---|---|---|---|---|---|---|---|---|---|---|---|---|---|---|---|---|---|
| Dewey Decimal Classification | Non-fiction | Asiatic Society Library | Asiatic Society Library | Bangabondhu Collection | 04/17/2023 | Complimentary | 923.5492 BAN | 120765 | 04/17/2023 | C-1 | 04/17/2023 | Books | Y-2021 |